[Event "DSenMMdL 2018 65+"]
[Site "Templin"]
[Date "2018.09.14"]
[Round "5.1"]
[White "Rotstein, Jefim"]
[Black "Nekrasov, Mihail"]
[Result "1/2-1/2"]
[BlackElo "2303"]
[BlackTeam "Baden 1"]
[Board "1"]
[WhiteElo "2315"]
[WhiteTeam "Nordrhein-Westfalen"]

1. d4 d5 2. c4 c6 3. cxd5 cxd5 4. Nc3 Nf6 5. Bf4 Nc6 6. e3 e6 7. Be2 Bd6 8. Bxd6
Qxd6 9. Nf3 O-O 10. O-O Bd7 11. Rc1 Rfc8 12. Bd3 a6 13. Qd2 b5 14. h3 h6 15. Ne2
1/2-1/2

[Event "DSenMMdL 2018 65+"]
[Site "Templin"]
[Date "2018.09.14"]
[Round "5.2"]
[White "Kiefer, Gerhard"]
[Black "Khanukov, Boris"]
[Result "1-0"]
[BlackElo "2275"]
[BlackTeam "Nordrhein-Westfalen"]
[Board "2"]
[WhiteElo "2287"]
[WhiteTeam "Baden 1"]

1. e4 g6 2. d4 Bg7 3. Nc3 c6 4. Nf3 d5 5. h3 dxe4 6. Nxe4 Nd7 7. Bc4 Ngf6 8.
Nxf6+ Nxf6 9. O-O O-O 10. Re1 Qc7 11. c3 Bf5 12. Ne5 b5 13. Bb3 Be4 14. Bf4 Qb7
15. Nd3 Bxd3 16. Qxd3 Nd5 17. Be5 e6 18. Qg3 Rfe8 19. h4 Bxe5 20. Rxe5 Qe7 21.
Rae1 Qf6 22. Bxd5 cxd5 23. h5 Rab8 24. R1e3 Qg7 25. a3 a5 26. hxg6 hxg6 27. Rg5
b4 28. axb4 axb4 29. Rxe6 fxe6 30. Rxg6 Rb7 31. cxb4 Ree7 32. Rxg7+ Rxg7 33. Qd6
Rge7 34. b5 Rbd7 35. Qb8+ Kf7 36. Qf4+ Ke8 37. b6 Rb7 38. Qd6 Rbd7 39. Qc6 Kf7
40. f4 Rd8 41. Kf2 Rb8 42. g4 Reb7 43. Kf3 Rxb6 44. Qd7+ Kf8 45. g5 R8b7 46.
Qd8+ Kf7 47. Kg4 Ra6 48. Kh5 Kg7 49. Qf6+ Kg8 50. Kg6 Rd7 51. f5 Rad6 52. fxe6
Rh7 53. Qe5 Rd8 54. e7 Re8 55. Qe6+ Kh8 56. Qf6+ Kg8 57. Qf8+ 1-0

[Event "DSenMMdL 2018 65+"]
[Site "Templin"]
[Date "2018.09.14"]
[Round "5.3"]
[White "Hassenrück, Helmut"]
[Black "Herbrechtsmeier, Christof"]
[Result "1/2-1/2"]
[BlackElo "2275"]
[BlackTeam "Baden 1"]
[Board "3"]
[WhiteElo "2194"]
[WhiteTeam "Nordrhein-Westfalen"]

1. d4 g6 2. e4 Bg7 3. Nc3 d5 4. exd5 Nf6 5. Bc4 Nbd7 6. Nf3 Nb6 7. Bb3 O-O 8.
O-O a5 9. a4 Nbxd5 10. Nxd5 Nxd5 11. h3 Bf5 12. Re1 c6 13. Bg5 h6 14. Bh4 g5 15.
Bg3 b6 16. Qe2 Ra7 17. Ne5 Qc8 18. Qc4 Bd7 19. c3 Be8 20. Qd3 f5 21. Bh2 Rf6 22.
f4 e6 23. fxg5 hxg5 24. Nc4 f4 25. Nd6 Qd8 26. Nxe8 Qxe8 27. Qf3 Qg6 28. Re2 Kh8
29. Rae1 Bf8 30. Kh1 Qh6 31. c4 Nb4 32. Qg4 Nd3 33. Rf1 Bg7 34. Qf3 Nb4 35. Bg1
Rd7 36. d5 cxd5 37. Bxb6 e5 38. Bxa5 Nc6 39. Bc3 dxc4 40. Bxc4 Nd4 41. Bxd4 Rxd4
42. b3 Rfd6 43. a5 Qg6 44. a6 e4 45. Qg4 f3 46. a7 fxe2 47. a8=Q+ Rd8 48. Qxd8+
Rxd8 49. Qxe2 Bc3 50. Bf7 Qh7 51. Qe3 Rd3 52. Qxg5 Rxh3+ 53. gxh3 Qxh3+ 54. Kg1
Bd4+ 55. Rf2 Bxf2+ 56. Kxf2 Qf3+ 57. Ke1 Qxf7 58. Qe5+ Kg8 1/2-1/2

[Event "DSenMMdL 2018 65+"]
[Site "Templin"]
[Date "2018.09.14"]
[Round "5.4"]
[White "Werner, Clemens"]
[Black "Haselhorst, Helmut"]
[Result "1-0"]
[BlackElo "2148"]
[BlackTeam "Nordrhein-Westfalen"]
[Board "4"]
[WhiteElo "2263"]
[WhiteTeam "Baden 1"]

1. e4 Nf6 2. e5 Nd5 3. Nc3 c6 4. Nf3 d6 5. Bc4 Nb6 6. Bb3 d5 7. d4 Bg4 8. h3
Bxf3 9. Qxf3 e6 10. O-O c5 11. dxc5 Bxc5 12. Qg3 Kf8 13. a4 Nc6 14. Kh1 a6 15.
Ne2 Nd7 16. f4 Ne7 17. Qd3 h5 18. Nd4 h4 19. Be3 g6 20. c4 dxc4 21. Qxc4 Rc8 22.
Nxe6+ fxe6 23. Qxe6 Qe8 24. f5 Nxf5 25. Rxf5+ gxf5 26. Qxf5+ 1-0

[Event "DSenMMdL 2018 65+"]
[Site "Templin"]
[Date "2018.09.14"]
[Round "5.1"]
[White "Jergler, Karl-Heinz"]
[Black "Witte, Manfred"]
[Result "1/2-1/2"]
[BlackElo "2127"]
[BlackTeam "Berlin"]
[Board "1"]
[WhiteElo "2127"]
[WhiteTeam "Bayern 1"]

1. e4 c5 2. c3 Nf6 3. e5 Nd5 4. d4 cxd4 5. Nf3 d6 6. cxd4 Nc6 7. Bc4 dxe5 8.
Nxe5 e6 9. Nxc6 bxc6 10. O-O Be7 11. Nc3 O-O 12. Nxd5 cxd5 13. Bd3 Bf6 14. Be3
Qb6 15. Qd2 g6 16. Be2 1/2-1/2

[Event "DSenMMdL 2018 65+"]
[Site "Templin"]
[Date "2018.09.14"]
[Round "5.2"]
[White "Albrecht, Rainer"]
[Black "Urytskyy, Arkadiy"]
[Result "1/2-1/2"]
[BlackElo "2136"]
[BlackTeam "Bayern 1"]
[Board "2"]
[WhiteElo "2105"]
[WhiteTeam "Berlin"]

1. d4 Nf6 2. Bf4 d6 3. Nc3 g6 4. Qd2 Bg7 5. e4 O-O 6. Bh6 Nbd7 7. Bxg7 Kxg7 8.
f3 c5 9. Nge2 Rb8 10. dxc5 Nxc5 11. Nd4 a6 12. Be2 Ne6 13. Nd5 Nxd4 14. Qxd4 e5
15. Qb4 Nxd5 16. exd5 a5 17. Qd2 Bd7 18. O-O-O Rc8 19. Kb1 Rc5 20. g4 h6 21. Qe3
Qg5 22. Qxg5 hxg5 23. c4 Rh8 24. b3 Rh3 25. Rd3 b5 26. Bf1 Rh4 27. cxb5 Bxb5 28.
Rd2 Bd7 29. Rg1 f5 30. gxf5 Bxf5+ 31. Kb2 g4 32. fxg4 Rxg4 33. Rxg4 Bxg4 34. Bc4
Kf6 35. Rf2+ Bf5 36. Kc3 e4 37. Kd4 Rc7 38. a3 Rh7 39. b4 Rh4 40. Re2 axb4 41.
axb4 e3+ 42. Kc3 Re4 43. Bd3 Re5 44. Kd4 1/2-1/2

[Event "DSenMMdL 2018 65+"]
[Site "Templin"]
[Date "2018.09.14"]
[Round "5.4"]
[White "Glatthor, Thomas"]
[Black "Oechslein, Rainer"]
[Result "1/2-1/2"]
[BlackElo "2214"]
[BlackTeam "Bayern 1"]
[Board "4"]
[WhiteElo "2037"]
[WhiteTeam "Berlin"]

1. c4 g6 2. Nc3 Bg7 3. e4 c5 4. Nf3 Nc6 5. d3 e6 6. Be3 d6 7. g3 Nd4 8. Bg2 Ne7
9. O-O O-O 10. Qd2 b6 11. Bh6 Bb7 12. Bxg7 Kxg7 13. Nxd4 cxd4 14. Ne2 e5 15. b4
Qd7 16. h4 h6 17. Kh2 1/2-1/2

[Event "DSenMMdL 2018 65+"]
[Site "Templin"]
[Date "2018.09.14"]
[Round "5.1"]
[White "Bodach, Hans"]
[Black "Frick, Christoph"]
[Result "1/2-1/2"]
[WhiteElo "2165"]
[BlackElo "2210"]
[PlyCount "29"]
[EventDate "2018.??.??"]
[WhiteTeam "Sachsen"]
[BlackTeam "Württemberg"]

1. e4 c6 2. d4 d5 3. Nc3 dxe4 4. Nxe4 Nd7 5. Nf3 Ngf6 6. Nxf6+ Nxf6 7. Be2 Bg4
8. c3 e6 9. O-O Bd6 10. Ne5 h5 11. h3 Bxe5 12. dxe5 Bxe2 13. Qxe2 Nd7 14. Re1
g5 15. g3 1/2-1/2

[Event "DSenMMdL 2018 65+"]
[Site "Templin"]
[Date "2018.09.14"]
[Round "5.2"]
[White "Gabriel, Josef"]
[Black "Knaak, Joachim"]
[Result "1-0"]
[WhiteElo "2124"]
[BlackElo "2113"]
[PlyCount "79"]
[EventDate "2018.??.??"]
[WhiteTeam "Württemberg"]
[BlackTeam "Sachsen"]

1. e4 c5 2. Nf3 d6 3. d3 g6 4. g3 Bg7 5. Bg2 Nf6 6. O-O Nc6 7. h3 O-O 8. Nc3
Rb8 9. Ne1 b5 10. f4 Nd4 11. g4 b4 12. Ne2 Nxe2+ 13. Qxe2 h5 14. g5 Nd7 15. Nf3
d5 16. f5 dxe4 17. dxe4 Qb6 18. Re1 Ba6 19. Qf2 Ne5 20. Kh1 Rbc8 21. Nh4 Kh7
22. Rb1 Bb7 23. Bf4 Rfd8 24. Qg3 Nc4 25. Qb3 Ba6 26. Bf1 Nd2 27. Bxd2 Rxd2 28.
Qxf7 Bxf1 29. Rxf1 Qd6 30. Qxg6+ Qxg6 31. Nxg6 Rxc2 32. Nxe7 Rd8 33. Nd5 Bxb2
34. f6 Be5 35. Rf5 Bd4 36. Nf4 Be3 37. g6+ Kh8 38. Rxh5+ Kg8 39. f7+ Kg7 40.
Ne6+ 1-0

[Event "DSenMMdL 2018 65+"]
[Site "Templin"]
[Date "2018.09.14"]
[Round "5.3"]
[White "Brauer, Christian"]
[Black "Wolf, Walter"]
[Result "0-1"]
[WhiteElo "2057"]
[BlackElo "2100"]
[PlyCount "80"]
[EventDate "2018.??.??"]
[WhiteTeam "Sachsen"]
[BlackTeam "Württemberg"]

1. c4 f5 2. Nc3 Nf6 3. g3 g6 4. Bg2 Bg7 5. e3 e5 6. d3 O-O 7. Nge2 d6 8. O-O c6
9. f4 Be6 10. b3 Bf7 11. Rb1 Na6 12. Qd2 Qc7 13. h3 Rad8 14. Kh2 Rfe8 15. Bb2
Nc5 16. b4 Ncd7 17. Rfd1 Nf8 18. Qc2 h6 19. a4 g5 20. b5 Re7 21. bxc6 bxc6 22.
Ba3 Rde8 23. a5 exf4 24. exf4 c5 25. a6 Bh5 26. Rd2 Qa5 27. Bc1 Qxa6 28. Ng1
gxf4 29. gxf4 Qc8 30. Nd5 Nxd5 31. Bxd5+ Kh7 32. Rg2 Ng6 33. Nf3 Bxf3 34. Bxf3
Nh4 35. Rxg7+ Rxg7 36. Bd5 Rge7 37. Kg3 Qd8 38. Qc3 Ng6 39. h4 Rg7 40. Bb2
Qxh4+ 0-1

[Event "DSenMMdL 2018 65+"]
[Site "Templin"]
[Date "2018.09.14"]
[Round "5.4"]
[White "Gerstenberger, Heinz"]
[Black "Eichner, Christian"]
[Result "0-1"]
[WhiteElo "2113"]
[BlackElo "2070"]
[PlyCount "101"]
[EventDate "2018.??.??"]
[WhiteTeam "Württemberg"]
[BlackTeam "Sachsen"]

1. d4 Nf6 2. c4 g6 3. Nc3 d5 4. Nf3 Bg7 5. cxd5 Nxd5 6. e4 Nxc3 7. bxc3 c5 8.
Be3 Qa5 9. Qd2 Nc6 10. Rb1 cxd4 11. cxd4 Qxd2+ 12. Kxd2 O-O 13. d5 Rd8 14. Bd3
Na5 15. Ke2 b6 16. Rhc1 e6 17. Bg5 f6 18. Bd2 exd5 19. exd5 Rxd5 20. Be4 Ba6+
21. Kd1 Rxd2+ 22. Nxd2 Rd8 23. Rb4 Bf8 24. Ra4 Bh6 25. Rc2 f5 26. Bf3 Bb5 27.
Rh4 Bg5 28. Rb4 Bd3 29. Rc7 Be4 30. Rb2 Bf6 31. Rb4 Bg5 32. Rb2 Bf4 33. Rc1
Bxf3+ 34. gxf3 b5 35. Rxb5 Rxd2+ 36. Ke1 Rxa2 37. Rcc5 Kg7 38. Kf1 Bd2 39. Rc7+
Kf6 40. Rxa7 Kg5 41. Rxh7 Nc6 42. h4+ Kf4 43. h5 g5 44. Rd7 Kxf3 45. Rxf5+ Bf4
46. Rd1 Rxf2+ 47. Kg1 Re2 48. Rd3+ Kg4 49. Rfd5 Nb4 50. h6 Nxd3 51. Rxd3 0-1

[Event "DSenMMdL 2018 65+"]
[Site "Templin"]
[Date "2018.09.14"]
[Round "5.1"]
[White "Sandmeier, Toni"]
[Black "Buchal, Stephan"]
[Result "1/2-1/2"]
[BlackElo "2299"]
[BlackTeam "Bremen"]
[Board "1"]
[WhiteElo "2157"]
[WhiteTeam "Baden 2"]

1. c4 g6 2. g3 Bg7 3. Bg2 e5 4. Nc3 d6 5. e3 Nc6 6. Nge2 h5 7. h4 Bg4 8. O-O
 Nge7 9. b4 Nxb4 10. Bxb7 Rb8 11. Bg2 O-O  12. Ba3 Qd7 13. Rb1 a5 14.
Kh2  1/2-1/2

[Event "DSenMMdL 2018 65+"]
[Site "Templin"]
[Date "2018.09.14"]
[Round "5.2"]
[White "Franke, Reiner, Prof. Dr."]
[Black "Müller, Rudolf"]
[Result "1-0"]
[BlackElo "2093"]
[BlackTeam "Baden 2"]
[Board "2"]
[WhiteElo "2244"]
[WhiteTeam "Bremen"]

1. Nf3 b6 2. g3 Bb7 3. Bg2 f5 4. O-O  Nf6 5. d3 e6 6. e4 fxe4 7. Ng5 Bc5 8.
Nxe4 Bxe4 9. dxe4 Nc6 10. Nc3 O-O  11. Na4 Bd6 12. Be3 e5 13. h3 Qe8 14. a3
Qg6 15. Qd3 Nd8 16. c4 Ne6 17. b4 Rad8 18. c5 Be7 19. Nc3 bxc5 20. bxc5 Bxc5
21. Nd5 Bxe3 22. Ne7+  1-0

[Event "DSenMMdL 2018 65+"]
[Site "Templin"]
[Date "2018.09.14"]
[Round "5.3"]
[White "Dekan, Hans"]
[Black "Rust-Lux, Klaus"]
[Result "0-1"]
[BlackElo "2071"]
[BlackTeam "Bremen"]
[Board "3"]
[WhiteElo "2132"]
[WhiteTeam "Baden 2"]

1. e4 d6 2. d4 Nf6 3. Nc3 g6 4. Nf3 Bg7 5. Be2 O-O  6. O-O  c6 7. a4 Qc7
8. h3 Nbd7 9. Be3 b6 10. Qd2 a6  11. Nh2 Bb7 12. Ng4 Nxg4 13. hxg4 b5 14.
f4 b4 15. Na2 c5 16. Bf3 a5 17. Rad1 Rfc8 18. c3 Nb6 19. dxc5 dxc5 20. Qc2 Ba6
21. Rf2 Nc4 22. Bc1 Rab8 23. b3 Na3 24. Bxa3 bxa3 25. Rfd2 Qxf4 26. Rd7 Be5 27.
c4 Bd4+ 28. Kf1 Qe3 29. R7xd4 cxd4 30. Rd3 Qf4 31. Rxd4 Ra8 32. Rd8+ Rxd8 33.
Ke2 Qe5 34. Nc3 e6 35. Qc1 Rab8 36. Qc2 Bxc4+  0-1

[Event "DSenMMdL 2018 65+"]
[Site "Templin"]
[Date "2018.09.14"]
[Round "5.4"]
[White "Ohl, Karsten"]
[Black "Fugmann, Bernd"]
[Result "1-0"]
[BlackElo "1969"]
[BlackTeam "Baden 2"]
[Board "4"]
[WhiteElo "1898"]
[WhiteTeam "Bremen"]

1. e4 c5 2. d4 cxd4 3. Nf3 Nc6 4. Nxd4 e6 5. Be2 a6 6. O-O  Qc7 7. Be3 Nf6
8. Nd2 b5 9. Nxc6 Qxc6 10. Bf3 e5 11. Rc1 Be7 12. c4 b4 13. c5 O-O  14. Nc4
Qc7 15. Nb6 Rb8 16. Nd5 Qd8 17. Qb3 a5 18. Rfd1 Ra8 19. c6 d6 20. Bb6 Qe8 21.
Nc7 Be6 22. Nxe8 Bxb3 23. Nxf6+ gxf6 24. axb3 Ra6 25. c7 Rxb6 26. c8=Q Rxc8 27.
Rxc8+ Kg7 28. Rd5 Ra6 29. Rb5 a4 30. Rxb4 a3 31. bxa3 Rxa3 32. g3 d5 33. Rb7
Ra1+ 34. Kg2 dxe4 35. Bxe4 Bd6 36. Bd5 Ra2 37. Rxf7+ Kg6 38. Rg8+ Kf5  1-0

[Event "DSenMMdL 2018 65+"]
[Site "Templin"]
[Date "2018.09.14"]
[Round "5.1"]
[White "Salov, Sergej"]
[Black "Juhnke, Jürgen"]
[Result "1/2-1/2"]
[WhiteElo "2186"]
[BlackElo "2240"]
[PlyCount "25"]
[EventDate "2018.??.??"]
[WhiteTeam "Schleswig-Holstein 1"]
[BlackTeam "Niedersachsen"]

1. e4 c5 2. Nf3 d6 3. Bb5+ Nc6 4. d4 cxd4 5. Qxd4 Bd7 6. Bxc6 Bxc6 7. Nc3 Nf6
8. Bg5 e6 9. O-O-O Be7 10. Qd3 Qa5 11. h4 h6 12. Bd2 Qa6 13. Nd4 1/2-1/2

[Event "DSenMMdL 2018 65+"]
[Site "Templin"]
[Date "2018.09.14"]
[Round "5.2"]
[White "Kaiser, Gerhard"]
[Black "Gruzmann, Boris"]
[Result "1/2-1/2"]
[WhiteElo "2172"]
[BlackElo "2209"]
[PlyCount "74"]
[EventDate "2018.??.??"]
[WhiteTeam "Niedersachsen"]
[BlackTeam "Schleswig-Holstein 1"]

1. e4 c5 2. Nf3 d6 3. Bb5+ Nd7 4. d4 cxd4 5. Nxd4 a6 6. Bd3 Nc5 7. O-O g6 8.
Nb3 Na4 9. Qe2 Bg7 10. c3 Nf6 11. f3 O-O 12. Be3 Bd7 13. Na3 Qc7 14. Rab1 d5
15. Nd2 e5 16. Rfc1 b5 17. Qf2 dxe4 18. Nxe4 Nd5 19. b3 Nxe3 20. Qxe3 Qb6 21.
Qf2 Qxf2+ 22. Kxf2 Nb6 23. c4 f5 24. Nc5 e4 25. Nxd7 Nxd7 26. Be2 Nf6 27. Rd1
b4 28. Nc2 a5 29. Ne3 a4 30. Nd5 axb3 31. axb3 Nxd5 32. Rxd5 Ra2 33. c5 Re8 34.
Kf1 exf3 35. Bxf3 Rc2 36. Rbd1 Bf8 37. c6 Rxc6 1/2-1/2

[Event "DSenMMdL 2018 65+"]
[Site "Templin"]
[Date "2018.09.14"]
[Round "5.3"]
[White "Neumann, Joachim"]
[Black "Clemens, Christian"]
[Result "1/2-1/2"]
[WhiteElo "2115"]
[BlackElo "2239"]
[PlyCount "21"]
[EventDate "2018.??.??"]
[WhiteTeam "Schleswig-Holstein 1"]
[BlackTeam "Niedersachsen"]

1. Nf3 f5 2. d3 d6 3. e4 e5 4. Nc3 c5 5. g3 Nc6 6. Nh4 Nf6 7. Bg5 Be7 8. Bxf6
Bxf6 9. Nxf5 Bxf5 10. exf5 O-O 11. Bg2 1/2-1/2

[Event "DSenMMdL 2018 65+"]
[Site "Templin"]
[Date "2018.09.14"]
[Round "5.4"]
[White "Jentsch, Dieter"]
[Black "Hahne, Hans-Jürgen"]
[Result "1/2-1/2"]
[WhiteElo "2093"]
[BlackElo "2084"]
[PlyCount "22"]
[EventDate "2018.??.??"]
[WhiteTeam "Niedersachsen"]
[BlackTeam "Schleswig-Holstein 1"]

1. e4 Nc6 2. d4 d5 3. Nc3 e5 4. Bb5 Bb4 5. Nf3 Bg4 6. Qd3 Bxf3 7. gxf3 Nge7 8.
a3 Ba5 9. b4 exd4 10. Qxd4 O-O 11. Qd2 Bb6 1/2-1/2

[Event "DSenMMdL 2018 65+"]
[Site "Templin"]
[Date "2018.09.14"]
[Round "5.1"]
[White "Horn, Peter"]
[Black "Hanisch, Friedrich"]
[Result "1/2-1/2"]
[BlackElo "2095"]
[BlackTeam "Bayern 2"]
[Board "1"]
[WhiteElo "2085"]
[WhiteTeam "Hamburg"]

1. c4 e5 2. Nc3 c5 3. Nf3 Nc6 4. e3 f5 5. d4 e4 6. Nd2 Nf6 7. dxc5 Bxc5 8. Nb3
Bb4 9. Bd2 O-O 10. a3 Be7 11. Be2 Kh8 12. Qc2 d6 13. Nb5 Bd7 14. Bc3 a6 15.
N5d4 Nxd4 16. Nxd4 Rc8 17. Qb3 Qc7 18. Rd1 Rcd8 19. O-O Bc8 20. Rd2 d5 1/2-1/2

[Event "DSenMMdL 2018 65+"]
[Site "Templin"]
[Date "2018.09.14"]
[Round "5.2"]
[White "Greul, Hans"]
[Black "Schellhorn, Wolfgang"]
[Result "0-1"]
[BlackElo "2138"]
[BlackTeam "Hamburg"]
[Board "2"]
[WhiteElo "2021"]
[WhiteTeam "Bayern 2"]

1. d4 Nf6 2. Nf3 g6 3. e3 Bg7 4. Be2 O-O 5. O-O b6 6. c4 e6 7. b3 Bb7 8. Nc3 d6
9. Bb2 Nbd7 10. Qc2 Qe7 11. Rfd1 Rac8 12. h3 Rfd8 13. b4 e5 14. a4 Re8 15. a5
exd4 16. Nxd4 Ne4 17. a6 Ba8 18. Nxe4 Bxe4 19. Qd2 Ne5 20. Nb5 Qg5 21. g3 Nf3+
22. Bxf3 Bxf3 23. Rdc1 Qh5 24. Kh2 Be5 25. Bxe5 Rxe5 26. Qd4 Ba8 27. Qg4 Qxg4
28. hxg4 h5 29. g5 Kg7 30. Nxa7 Rh8 31. Re1 Rxg5 32. f4 Rg4 33. e4 h4 34. Ra3
hxg3+ 35. Kg2 Rh2+ 36. Kf3 f5 37. Nb5 Rf2+ 38. Ke3 Bxe4 39. a7 Rgxf4 40. Re2
R4f3+ 41. Kd2 Rxa3 42. Nxa3 Bf3 0-1

[Event "DSenMMdL 2018 65+"]
[Site "Templin"]
[Date "2018.09.14"]
[Round "5.3"]
[White "Maahs, Erich"]
[Black "Fischer, Gerd"]
[Result "1/2-1/2"]
[BlackElo "2071"]
[BlackTeam "Bayern 2"]
[Board "3"]
[WhiteElo "2043"]
[WhiteTeam "Hamburg"]

1. d4 Nf6 2. Bg5 d5 3. e3 e6 4. Bd3 Nbd7 5. Nf3 h6 6. Bh4 c5 7. c3 Bd6 8. Nbd2
Qc7 9. Bg3 Bxg3 10. hxg3 b6 11. e4 dxe4 12. Nxe4 Bb7 13. Nxf6+ Nxf6 14. Bb5+
Ke7 15. O-O a6 16. Be2 Rhd8 17. Qa4 Kf8 18. Rad1 Kg8 19. dxc5 Qxc5 20. Rxd8+
Rxd8 21. Rd1 Rxd1+ 22. Qxd1 e5 23. Qd8+ Kh7 24. Ne1 a5 25. a3 a4 26. Qd3+ Be4
27. Qe3 Qxe3 28. fxe3 Nd7 29. Nf3 f6 30. Nd2 Bd5 31. g4 Kg6 32. Kh2 Kf7 33. Bd3
Ke7 34. e4 Bc6 35. Kg3 1/2-1/2

[Event "DSenMMdL 2018 65+"]
[Site "Templin"]
[Date "2018.09.14"]
[Round "5.4"]
[White "Jagdhuber, Hans"]
[Black "Gerigk, Wolf"]
[Result "1-0"]
[BlackElo "2019"]
[BlackTeam "Hamburg"]
[Board "4"]
[WhiteElo "2016"]
[WhiteTeam "Bayern 2"]

1. c4 g6 2. d4 Bg7 3. e4 c5 4. Nf3 cxd4 5. Nxd4 Qb6 6. Nb3 d6 7. Be3 Qc6 8. Qc2
f5 9. N1d2 e5 10. f3 Na6 11. a3 b6 12. Bd3 f4 13. Bf2 Be6 14. O-O Nf6 15. c5
Nxc5 16. Nxc5 dxc5 17. b4 Nd7 18. b5 Qc8 19. Nc4 O-O 20. a4 Qc7 21. Rfd1 Rfd8
22. Be2 Bf6 23. Be1 Nf8 24. Bc3 Qf7 25. Bb2 Rac8 26. a5 Qc7 27. axb6 axb6 28.
Ra6 Kg7 29. Nxb6 Rxd1+ 30. Qxd1 Rd8 31. Qc2 Nd7 32. Na4 c4 33. Rxe6 Ra8 34. Rc6
Qa7+ 35. Kf1 Bh4 36. Bd1 Qa5 37. Bc3 Qxb5 38. Rc7 Kh6 39. Rxd7 Qxd7 40. Nb6 Qc6
41. Nxa8 Qxa8 42. Bxe5 Qa6 43. Bxf4+ g5 1-0

[Event "DSenMMdL 2018 65+"]
[Site "Templin"]
[Date "2018.09.14"]
[Round "5.1"]
[White "Urban, Hans-Rainer"]
[Black "Kornrumpf, Joachim"]
[Result "0-1"]
[WhiteElo "2109"]
[BlackElo "2022"]
[PlyCount "102"]
[EventDate "2018.??.??"]
[WhiteTeam "Brandenburg"]
[BlackTeam "Schleswig-Holstein 2"]

1. e4 c5 2. Nf3 e6 3. d4 cxd4 4. Nxd4 a6 5. Nc3 Qc7 6. Bd3 Nf6 7. Qe2 d6 8. O-O
Be7 9. a4 b6 10. Be3 Nbd7 11. f4 Bb7 12. Rfe1 Nc5 13. Bf2 Rc8 14. Rac1 O-O 15.
Nb3 Nxd3 16. cxd3 Qb8 17. Nd2 b5 18. axb5 axb5 19. Ra1 b4 20. Nb5 Rc6 21. Nc4
Ra6 22. Na5 Ba8 23. Nd4 Rc8 24. Ndb3 Bf8 25. Rec1 d5 26. e5 Nd7 27. d4 Ra7 28.
Nc5 Nxc5 29. dxc5 b3 30. Ra3 Qb4 31. Nc4 Rxa3 32. Nxa3 Bxc5 33. Kh1 Bb7 34. Bg3
h6 35. h3 Qb6 36. Qb5 Qxb5 37. Nxb5 Ba6 38. Nd6 Bxd6 39. Rxc8+ Bxc8 40. exd6 f6
41. Kg1 Kf7 42. Be1 e5 43. fxe5 fxe5 44. Kf2 Ke6 45. Bb4 g6 46. h4 d4 47. g4 h5
48. gxh5 gxh5 49. Ke2 Kd5 50. Kd2 e4 51. Ba3 e3+ 0-1

[Event "DSenMMdL 2018 65+"]
[Site "Templin"]
[Date "2018.09.14"]
[Round "5.2"]
[White "Dittmann, Hans-Adolf"]
[Black "Walter, Günter"]
[Result "1/2-1/2"]
[WhiteElo "2042"]
[BlackElo "2165"]
[PlyCount "121"]
[EventDate "2018.??.??"]
[WhiteTeam "Schleswig-Holstein 2"]
[BlackTeam "Brandenburg"]

1. e4 d6 2. d4 Nf6 3. Nc3 Nbd7 4. e5 dxe5 5. dxe5 Nxe5 6. Qxd8+ Kxd8 7. Bf4 Ng6
8. O-O-O+ Bd7 9. Bg3 c6 10. Nf3 e6 11. h4 Ke8 12. h5 Ne7 13. Be5 Ng4 14. Ne4
Nf5 15. Bc3 f6 16. Nd4 Nxd4 17. Rxd4 e5 18. Rd2 Rd8 19. Be2 Be6 20. Rxd8+ Kxd8
21. f4 Be7 22. Bxg4 Bxg4 23. fxe5 f5 24. Nd6 Kc7 25. Nf7 Re8 26. e6 Bf6 27. h6
Bxc3 28. bxc3 gxh6 29. Nxh6 Rxe6 30. Nxg4 fxg4 31. Rxh7+ Kb6 32. Rg7 Re4 33.
Kd2 a5 34. g3 Ka6 35. Kd3 Ra4 36. Re7 b5 37. Re4 Rxa2 38. Rxg4 Ra1 39. Rg8 Kb7
40. g4 a4 41. c4 b4 42. c5 a3 43. Kc4 Rg1 44. Rg7+ Kb8 45. Rg8+ Kc7 46. Rg7+
Kd8 47. Rg8+ Ke7 48. Ra8 Rxg4+ 49. Kb3 Ke6 50. c4 bxc3 51. Rxa3 Kd5 52. Ra8 Rg3
53. Rh8 Kxc5 54. Rb8 c2+ 55. Kxc2 Kc4 56. Rh8 Rg2+ 57. Kc1 Kc3 58. Rh3+ Kb4 59.
Rf3 c5 60. Rh3 c4 61. Rf3 1/2-1/2

[Event "DSenMMdL 2018 65+"]
[Site "Templin"]
[Date "2018.09.14"]
[Round "5.4"]
[White "Kracht, Helmut"]
[Black "Heckert, Klaus-Dieter"]
[Result "1/2-1/2"]
[WhiteElo "2010"]
[BlackElo "2035"]
[PlyCount "100"]
[EventDate "2018.??.??"]
[WhiteTeam "Schleswig-Holstein 2"]
[BlackTeam "Brandenburg"]

1. e4 c5 2. Nf3 g6 3. d4 cxd4 4. Nxd4 Nc6 5. c4 Nf6 6. Nc3 Nxd4 7. Qxd4 d6 8.
Be3 Bg7 9. Be2 O-O 10. Qd2 a5 11. O-O a4 12. Rac1 Qa5 13. f3 Be6 14. Nd5 Qxd2
15. Nxe7+ Kh8 16. Bxd2 Rfe8 17. Nd5 Nxd5 18. cxd5 Bxd5 19. Bb5 Bc6 20. Bxc6
bxc6 21. Rxc6 Bd4+ 22. Kh1 Bxb2 23. Bc3+ Bxc3 24. Rxc3 Reb8 25. Rfc1 a3 26. h4
Rb2 27. Ra1 Kg7 28. Rd3 Ra6 29. Kh2 h5 30. Kg3 Kf6 31. f4 Ke6 32. Kf3 f5 33.
exf5+ Kxf5 34. Rad1 Rxa2 35. Rxd6 Rxd6 36. Rxd6 Rb2 37. Rd5+ Ke6 38. Ra5 a2 39.
Ra3 Rb3+ 40. Rxb3 a1=Q 41. Re3+ Kf6 42. Kg3 Qf1 43. Re5 Qd1 44. Kf2 Qd2+ 45.
Kf3 Qc1 46. g3 Qf1+ 47. Ke3 Qg2 48. Rg5 Kf7 49. Kd4 Qe2 50. Kc3 Qd1 1/2-1/2

[Event "DSenMMdL 2018 65+"]
[Site "Templin"]
[Date "2018.09.14"]
[Round "5.1"]
[White "Liebert, Heinz"]
[Black "Waschk, Armin"]
[Result "1/2-1/2"]
[BlackElo "2157"]
[BlackTeam "Mecklenburg-Vorpommern"]
[Board "1"]
[WhiteElo "2175"]
[WhiteTeam "Sachsen-Anhalt"]

1. c4 e6 2. Nf3 Nf6 3. g3 d5 4. Bg2 d4 5. O-O  c5 6. d3 Nc6 7. Na3 Bd6 8.
Nc2 O-O  9. e3 e5 10. exd4 exd4 11. Bg5 h6 12. Bxf6 Qxf6 13. Nd2 Qd8 14. f4
Be7 15. f5 Ne5 16. Ne4 Nd7 17. Qd2 Nf6 18. b4 cxb4 19. Nxb4 Bd7 20. Nxf6+ Bxf6
21. Bxb7 Rb8 22. Nc6 Bxc6 23. Bxc6 Bg5 24. Qg2 Qa5 25. h4 Be3+ 26. Kh1 Rb6 27.
f6 g6 28. Rab1 Rxb1 29. Rxb1 Qf5 30. Be4 Qxf6 31. Rb7  1/2-1/2

[Event "DSenMMdL 2018 65+"]
[Site "Templin"]
[Date "2018.09.14"]
[Round "5.3"]
[White "Hamm, Georg, Dr."]
[Black "Wiemer, Jürgen"]
[Result "1/2-1/2"]
[BlackElo "2028"]
[BlackTeam "Mecklenburg-Vorpommern"]
[Board "3"]
[WhiteElo "2108"]
[WhiteTeam "Sachsen-Anhalt"]

1. d4 Nf6 2. Nf3 e6 3. e3 d5 4. Bd3 Bd6 5. b3 O-O  6. O-O  Nbd7 7. Bb2
a6 8. Nbd2 b6 9. Ne5 Bb7 10. c4 Ne4 11. Nxd7 Qxd7 12. Nf3 f5 13. Ne5 Bxe5 14.
dxe5 Qe7 15. cxd5 Bxd5 16. f3 Ng5 17. Qe2 Bb7 18. a4 Rfd8 19. Rfd1 a5 20. Bc4
h6 21. Rxd8+ Rxd8 22. Rd1 Nf7 23. Rxd8+ Nxd8 24. Qc2 g6 25. Bb5 Bd5 26. Bc1 c6
27. Bd3 Qb4 28. Bc4 Qe1+ 29. Bf1 Qb4 30. Bc4 Bxc4 31. Qxc4 Qxc4 32. bxc4 c5 33.
Kf2 Nc6 34. Bb2 Nb4 35. Ke2 Kf7 36. f4 g5 37. g3 Kg6 38. h3 g4 39. h4  1/2-1/2

[Event "DSenMMdL 2018 65+"]
[Site "Templin"]
[Date "2018.09.14"]
[Round "5.4"]
[White "Krüger, Gerhard"]
[Black "Zerfass, Otfried"]
[Result "1-0"]
[BlackElo "1857"]
[BlackTeam "Sachsen-Anhalt"]
[Board "4"]
[WhiteElo "1967"]
[WhiteTeam "Mecklenburg-Vorpommern"]

1. e4 d6 2. d4 Nf6 3. Bd3 Nbd7 4. c4 e5 5. d5 Nc5 6. Nc3 Nxd3+ 7. Qxd3 Be7 8.
Nge2 O-O  9. O-O  c6 10. h3 Ne8 11. Ng3 Bg5 12. Nd1 Bxc1 13. Rxc1 Qg5
14. Ne3 g6 15. dxc6 bxc6 16. c5 f5 17. exf5 gxf5 18. cxd6 Bd7 19. Rc5 f4 20.
Ne4 Qg7 21. Ng4 f3 22. Rxe5 Bf5 23. Qxf3 Kh8 24. Rxf5  1-0